Ветхозаветные персонажи - Армагеддон - Statistics

General Stats
  • This quiz has been taken 20 times
  • The average score is 8 of 17
Answers on the Grid
Answers color-coded by a green-red scale on the quiz's grid according to % correct below.
Дева Мария
Павел
Моисей
Илия
Магдалена
Иезекииль
Фома
Авраам
Мафусаил
Понтий Пилат
Гавриил
Агасфер
Лука
Иоанн Богослов
Юдифь
Онан
Марк
Ева
Хам
Голиаф
Ирод
Саломея
Даниил
Рафаил
Енох
Кодрат
Авель
Наум
Вельзевул
Лазарь
 
Answer Stats
Answer % Correct
Моисей
100%
Авраам
82%
Иезекииль
73%
Илия
64%
Мафусаил
55%
Голиаф
55%
Юдифь
45%
Онан
45%
Ева
45%
Хам
45%
Енох
36%
Авель
36%
Гавриил
27%
Даниил
27%
Рафаил
27%
Наум
18%
Вельзевул
9%
No matching quizzes found
Score Distribution
Percent of People with Each Score
Percentile by Number Answered
Your Score History
You have not taken this quiz